[Event "IECG QN.2001.0.00203"]
[Site "IECG email"]
[Date "2001.11.20"]
[Round "?"]
[White "Hill, Robin"]
[Black "Zaharov, Alexis"]
[Result "1-0"]
[WhiteElo "800"]
[BlackElo "800"]
[PlyCount "37"]
[EventDate "2001.11.20"]
[EventType "tourn (corr)"]
[EventRounds "6"]
[SourceTitle "Corr 2008"]
[Source "ChessBase"]
[SourceDate "2008.06.24"]
[SourceVersion "1"]
[SourceVersionDate "2008.06.24"]
[SourceQuality "1"]

1. d4 c5 2. e4 cxd4 3. c3 dxc3 4. Nxc3 e5 5. Nf3 Nc6 6. Bc4 Bb4 7. 0-0 Nf6 8. Bg5 Qa5 9. Bxf6 gxf6 10. Qb3 Rf8 11. Nd5 Be7 12. Rac1 d6 13. Ba6 Rb8 14. Rxc6 Be6 15. Bxb7 f5 16. Rfc1 fxe4 17. Nc7+ Qxc7 18. Rxc7 Bxb3 19. Bc6+ 1-0

[Event "IECG QN.2001.0.00203"]
[Site "IECG email"]
[Date "2001.11.20"]
[Round "?"]
[White "Krahl, Wolfgang"]
[Black "Zaharov, Alexis"]
[Result "0-1"]
[WhiteElo "651"]
[BlackElo "800"]
[PlyCount "58"]
[EventDate "2001.11.20"]
[EventType "tourn (corr)"]
[EventRounds "6"]
[SourceTitle "Corr 2008"]
[Source "ChessBase"]
[SourceDate "2008.06.24"]
[SourceVersion "1"]
[SourceVersionDate "2008.06.24"]
[SourceQuality "1"]

1. f4 d5 2. Nf3 c5 3. e3 Nf6 4. Nc3 g6 5. g3 Bg7 6. d3 0-0 7. d4 b6 8. Ne5 Nbd7 9. dxc5 bxc5 10. Bb5 e6 11. Qf3 Nxe5 12. fxe5 Nd7 13. b3 Nxe5 14. Qf4 d4 15. exd4 cxd4 16. Ne4 Qa5+ 17. Bd2 Qxb5 18. a4 Qc6 19. Bb4 Rd8 20. Be7 Rd7 21. Nf6+ Bxf6 22. Qxf6 Qe4+ 23. Kd1 Qxh1+ 24. Kd2 Qxa1 25. Qxe5 Rxe7 26. Qf6 Qc3+ 27. Kc1 Rc7 28. Qf2 Qe3+ 29. Qxe3 dxe3 0-1

[Event "IECG QN.2000.0.00153"]
[Site "IECG email"]
[Date "2000.11.27"]
[Round "?"]
[White "Lunny, Eltin"]
[Black "Zaharov, Alexis"]
[Result "0-1"]
[WhiteElo "598"]
[BlackElo "800"]
[PlyCount "96"]
[EventDate "2000.11.27"]
[EventType "tourn (corr)"]
[EventRounds "6"]
[SourceTitle "Corr 2008"]
[Source "ChessBase"]
[SourceDate "2008.06.24"]
[SourceVersion "1"]
[SourceVersionDate "2008.06.24"]
[SourceQuality "1"]

1. d4 d5 2. e4 dxe4 3. g4 e5 4. Be3 exd4 5. Bxd4 c5 6. Bc3 Qxd1+ 7. Kxd1 Bxg4+ 8. Ne2 Nf6 9. Bxf6 gxf6 10. Nbc3 Rg8 11. Nxe4 Nd7 12. h3 Bf3 13. N4g3 Bxh1 14. Nxh1 0-0-0 15. f4 Ne5+ 16. Kc1 Bh6 17. a4 Ng6 18. Nc3 Bxf4+ 19. Kb1 Be5 20. Nf2 Bxc3 21. bxc3 Rd2 22. Ne4 Rd1+ 23. Kb2 Rxa1 24. Kxa1 Nf4 25. Kb2 Rg1 26. Nd6+ Kd7 27. Nxb7 Rxf1 28. Nxc5+ Kc6 29. Nb3 Nxh3 30. Nd4+ Kd5 31. Nb5 a5 32. Nc7+ Kc4 33. Nb5 f5 34. Nd6+ Kd5 35. Nxf7 f4 36. c4+ Kxc4 37. Nd6+ Kd5 38. Nb7 f3 39. Nxa5 f2 40. c4+ Kd6 41. Nb7+ Kc7 42. Nc5 Rg1 43. Ne6+ Kd6 44. Nd4 f1Q 45. Nb5+ Kc5 46. Na3 Qc1+ 47. Kb3 Rg3+ 48. Ka2 Rxa3# 0-1